La vie forestiére en Slovaquie

Bibliographic Details
Main Author: Deffontaines, Pierre, 1894-1978 (Author)
Format: Book
Language:French
PhysicalDescription:94, [1] s. fotogr., mp. 8° (24x16 cm) 1 mp.
Published: Paris Librairie ancienne Honoré Champion 1932
Series:Travaux publiés par l'Institut d'études slaves
Subjects:

MARC

LEADER 00000cam a2200000 a 4500
001 vtls001299980
003 SK-MaSNL
005 20260426004336.0
008 160830s1932 fr 01000 fre
035 |a SNK000251966 
040 |a SNK  |b slo  |c SNK  |e AACR2 
041 0 |a fre 
043 |a e-xo 
044 |a fr  |c FR 
072 7 |a 911  |x Všeobecná geografia. Systematická geografia  |2 konspekt 
080 |a (437.6)  |2 2011 
080 |a (048.8)  |2 2011 
080 |a 911.3  |2 2011 
100 1 |a Deffontaines, Pierre,  |d 1894-1978  |4 aut  |9 176056 
245 1 |a La vie forestiére en Slovaquie  |c par Pierre Deffontaines 
260 |a Paris  |b Librairie ancienne Honoré Champion  |c 1932 
300 |a 94, [1] s.  |b fotogr., mp.  |c 8° (24x16 cm)  |e 1 mp. 
490 1 |a Travaux publiés par l'Institut d'études slaves  |v 13. 
500 |a Venovanie: A ma soeur Guy Deffontaines qui a appris le tchéque pour m'aider et m'a accompagné dans mes voyages en Slovaquie 
500 |a Fotografie zo Starých Hôr a okolia Banskej Bystrice, Turčeka, Banskej Štiavnice, Liptova, Myjavy 
504 |a Bibliogr. odkazy. Lit. Pozn. 
505 1 |a Les paysages forestiers -- Régime de travail et mode de tenaure -- L'exploation industrialle de la forêt actuelle -- L'exploation des bois bruts XIXe siècle -- L'ancienne vocation miniére de la forêt -- Les défrichement par les kopanice -- Le défichement t ses limites 
650 0 7 |a kopanice  |2 SNKPH  |9 59357 
650 0 7 |a horské sídla  |2 SNKPH  |9 370141 
650 0 7 |a využívanie krajiny  |2 SNKPH  |9 186151 
650 0 7 |a humánna geografia  |2 SNKPH  |9 877 
650 0 7 |a Human geography  |2 SNKPHeng  |9 310454 
651 7 |a Slovensko  |2 SNKPH  |9 14231 
655 7 |a štúdie  |2 SNKPH  |9 57033 
655 7 |a Studies  |2 SNKPHeng  |9 265573 
830 0 |a Travaux publiés par l'Institut d'études slaves  |9 305664 
852 |a Štátna vedecká knižnica v Banskej Bystrici  |b Fond starých a vzácnych dokumentov  |p FD 548 
958 |a OND 
958 |a DG 
958 |a PM 
999 |c 973597  |d 975527 
952 |t P60, <04>, [BOOK], {604}  |a SNK  |b SNK  |y PREZ  |7 0  |p 17A0737716  |o snkSB 382  |0 0  |1 0  |4 0  |d 1997-08-21  |l 0  |r 2025-01-31 00:00:00  |w 2026-02-24 
952 |a SNK  |b SNK  |y VYP  |7 0  |p 17A0090380  |o snkSB 382 D1  |i snkD 2006/87  |0 0  |1 0  |4 0  |d 2011-11-02  |l 0  |r 2026-02-24 10:57:53  |w 2026-02-24